| 000 | 01343nam0a22003131 4500 | ||
|---|---|---|---|
| 001 | rc\4806342 | ||
| 005 | 20130426134856.3 | ||
| 021 |
_aRU _bРг4035-65 |
||
| 035 | _a(NLR Aleph) 008875608 | ||
| 090 |
_a8549568 _c8549568 |
||
| 100 | _a20130426d1965 |||y0rusy50 ca | ||
| 101 | 0 | _arus | |
| 102 | _aRU | ||
| 105 | _ay z ||||| | ||
| 200 | 1 |
_aНовые Гражданский и Гражданский процессуальный кодексы БССР _fПравл. о-ва "Знание" Белорус. ССР. Науч.-метод. совет по пропаганде вопросов государства и права |
|
| 210 |
_aМинск _cБ. и. _d1965 |
||
| 215 |
_a[2], 19 с. _d29 |
||
| 225 | 1 | _aМатериал в помощь лектору | |
| 300 | _aПеред загл. авт.: В.Ф. Чигир и И.А. Юхо, кандидаты юрид. наук | ||
| 300 | _aОтпеч. множит. аппаратом | ||
| 333 | _aНа правах рукописи | ||
| 604 | _150010$aГражданский кодекс Белорусской ССР | ||
| 700 | 1 |
_aЧигир _bВ. Ф. _gВасилий Федорович |
|
| 701 | 1 |
_aЮхо _bИ. А. _gИосиф Александрович |
|
| 801 | 0 |
_aRU _bNLR _gpsbo |
|
| 801 | 1 |
_aRU _bELAR _2rusmarc |
|
| 852 |
_aNLR _j65-8/859 |
||
| 942 | _cBOOK | ||
| 980 | _aNB | ||